000 00741nam a2200289Ia 4500
005 20260121124416.0
008 008 260114s9999 xx 000 0 eng d
020 _a9783110255072
037 _aEBOOK
040 _aCRL
040 _beng
040 _cCRL
041 _2eng
041 _aeng
084 _qCRL
100 _aMaienborn, Claudia
_9975501
245 0 _aSemantics: An International Handbook Of Natural Language Meaning
260 _bDe Gruyter
260 _bWalter de Gruyter
260 _c2012
700 _a Heusinger, Klaus von
_9975502
700 _a Portner, Paul
_9975503
856 _uhttp://www.degruyter.com/isbn/9783110255072
942 _cEBOOK
999 _c1554378
_d1554378